000 00566nam a2200181Ia 4500
008 240729s9999 xx 000 0 und d
022 _a1848-9931
245 0 _aCroatian Operational Research Review
260 _aCroatia
260 _bCroatian Operational Research Society
650 _a Applied mathematics. Quantitative methods
650 _a Industrial engineering. Management engineering
650 _a Technology (General)
650 _aTechnology
856 _uhttps://doaj.org/toc/d6b145c145ea4ed4ad8021d3c30b5c7a
942 _2ddc
942 _cDOAJEJ
999 _c65736
_d65736
945 _a1
_bMadushi Gamage
_c1
_dMadushi Gamage